[Event "Nuremberg Zabo op 12th"]
[Site "Nuremberg"]
[Date "2010.09.19"]
[Round "4"]
[White "Cetindag, Ekrem"]
[Black "Zaudtke, Friedrich Wilhelm"]
[Result "1-0"]
[WhiteElo "1842"]
[BlackElo "1533"]
[PlyCount "37"]
[EventDate "2010.09.17"]
[EventType "swiss"]
[EventRounds "5"]
[EventCountry "GER"]
[SourceTitle "EXT 2011"]
[Source "ChessBase"]
[SourceDate "2010.11.26"]
[SourceVersion "1"]
[SourceVersionDate "2010.11.26"]
[SourceQuality "1"]

1. d4 d5 2. c4 e6 3. Nc3 Nf6 4. Bg5 Be7 5. Nf3 0-0 6. e3 b6 7. Qc2 Bb7 8. Rc1 Nbd7 9. cxd5 exd5 10. Bd3 Rc8 11. Bf5 h6 12. Bh4 c5 13. Ne5 cxd4 14. exd4 Rc7 15. 0-0 Nxe5 16. dxe5 Ne4 17. Bxe7 Qxe7 18. Bxe4 dxe4 19. Nd5 1-0

[Event "GER-ch Net qual1 U18"]
[Site "Playchess.com INT"]
[Date "2009.05.10"]
[Round "2"]
[White "Kohnen, Katharina"]
[Black "Cetindag, Ekrem"]
[Result "0-1"]
[WhiteElo "1268"]
[BlackElo "1622"]
[PlyCount "62"]
[EventDate "2009.05.10"]
[EventType "swiss (blitz)"]
[EventRounds "7"]
[EventCountry "GER"]
[SourceTitle "CBM 130 Extra"]
[Source "ChessBase"]
[SourceDate "2009.07.02"]
[SourceVersion "2"]
[SourceVersionDate "2009.07.15"]
[SourceQuality "1"]

1. e4 e6 2. Nf3 d5 3. exd5 exd5 4. d4 Nf6 5. Bd3 Nc6 6. Nc3 Be6 7. Be3 a6 8. a3 Qd7 9. Qe2 Bd6 10. 0-0-0 b5 11. h3 0-0 12. Kb1 Rfb8 13. Qd2 Qe7 14. Be2 b4 15. axb4 Bxb4 16. Qd3 Ba3 17. b3 Nb4 18. Qd2 Ne4 19. Nxe4 dxe4 20. Ne5 f6 21. Nc4 Nd5 22. f3 Bb4 23. Qc1 Nc3+ 24. Ka1 Nxe2 25. Bd2 Nxc1 26. Rxc1 Bxc4 27. Bxb4 Qxb4 28. fxe4 Qc3+ 29. Ka2 Bxb3+ 30. cxb3 Qxb3+ 31. Ka1 Qb2# 0-1